00367nam a2200121Ia 4500008004100000245010600041260001700147260000900164300000800173650002300181650001200204856002900216170516s9999 xx 000 0 und d aSuperparamagnetic Iron Oxide Nanoparticles: Amplifying ROS Stress to Improve Anticancer Drug Efficacy bTheranostics c2013 a3:2 xMedical Technology xMedtech uhttp://www.thno.org/v3i2